00000000nam 2200000zi 4500
0019.933141
003CaOODSP
00520250106150155
006m     o  d f      
007cr mn|||||||||
008240130s1981    onc     o    f000 0 eng d
040 |aCaOODSP|beng|erda|cCaOODSP
043 |an-cn---|ancpn---|anwco---|as-ve---|anwdr---
0861 |aId37-21/1981E-PDF
24500|aReport of the Canadian pork and pork products mission to Panama, Curaçao, Venezuela and the Dominican Republic, March 17-27, 1981.
264 1|a[Ottawa] : |bGovernment of Canada, Industry, Trade and Commerce = Gouvernement du Canada, Industrie et commerce, |c[1981?]
300 |a1 online resource (32 pages)
336 |atext|btxt|2rdacontent
337 |acomputer|bc|2rdamedia
338 |aonline resource|bcr|2rdacarrier
500 |aIssued also in French under title: Rapport de la mission sur le porc et les produits du porc au Panama, à Curaçao, au Venezuela et en République dominicaine, 17 au 27 mars 1981.
500 |aDigitized edition from print [produced by Innovation, Science and Economic Development Canada].
650 0|aPork industry and trade|zCanada.
650 0|aSwine industry|zCanada.
650 0|aMarket surveys|zPanama.
650 0|aMarket surveys|zCuraçao.
650 0|aMarket surveys|zVenezuela.
650 0|aMarket surveys|zDominican Republic.
651 0|aCanada|xCommerce|zPanama.
651 0|aCanada|xCommerce|zCuraçao.
651 0|aCanada|xCommerce|zVenezuela.
651 0|aCanada|xCommerce|zDominican Republic.
7101 |aCanada. |bIndustry, Trade and Commerce, |eissuing body.
77508|tRapport de la mission sur le porc et les produits du porc au Panama, à Curaçao, au Venezuela et en République dominicaine, 17 au 27 mars 1981.|w(CaOODSP)9.946535
85640|qPDF|s689 KB|uhttps://publications.gc.ca/collections/collection_2025/isde-ised/Id37-21-1981-eng.pdf